000 00756nam a2200241Ia 4500
003 OSt
005 20220923215124.0
006 a|||||r|||| 00| 0
007 ta
008 220922b |||||||| |||| 00| 0 hin d
024 _a175,768
037 _cTextual
040 _aARTS
_cARTS
_bhin
041 _2hin
_ahin
082 _aO152,1xN3;g, M4
100 _aभ्रमर, रवीन्द्र
245 0 _aहिन्दी के आधुनिक कवि
246 _aHindī ke ādhunik kavi
260 _aदिल्ली
_b भारती साहित्य
_c1964
300 _a293 पृ.
_ccm.
942 _hO152,1xN3;g, M4
_cTEXL
_2CC
999 _c329470
_d329470